000 00861nam a22001577a 4500
003 OSt
005 20150918103404.0
008 150918b xxu||||| |||| 00| 0 eng d
040 _cRUA
082 _aAGR MEA 2004 B030 Or.1
100 _9739
_aMEAS, SOMICA.
245 _athe comparison between ecological system of rice intensification and conventional system of rice production in tramkak district tadeo province (ការប្រៀបធៀបប្រព័ន្ធប្រពលវប្បកម្មស្រូវតាមគោលការណ៍ធម្មជាតិជាមួប្រព័ន្ធផលិតកម្មស្រូវតាមបែបប្រពៃណី នៅស្រុកត្រាំកក់ ខេត្តតាកែវ)
260 _aPhnom Penh
_bRUA
_c2004
300 _a60p.
_bill.
_c29cm.
942 _2ddc
_cAGR
999 _c710
_d710